Allpanchis Phuturinqa : (Record no. 21812)

000 -CABECERA
fixed length control field 01884nam a22003257a 4500
003 - IDENTIFICADOR DEL NÚMERO DE CONTROL
control field AR-CdUCM
008 - DATOS DE LONGITUD FIJA--INFORMACIÓN GENERAL
fixed length control field 190425b ||||| |||| 00| 0 spa d
040 ## - FUENTE DE LA CATALOGACIÓN
Agencia/entidad que catalogó originalmente la obra MUNICIPALIDAD PROVINCIAL DEL CUSCO
Entidad que transcribió la catalogación BIBLIOTECA MUNICIPAL DEL CUSCO
082 ## - NÚMERO DE LA CLASIFICACIÓN DECIMAL DEWEY
No. de Clasificación Rev.Allp/N°15/1980
110 ## - ENTRADA PRINCIPAL--NOMBRE DE ENTIDAD CORPORATIVA
Nombre de la institución, jurisdicción como entrada principal Instituto de Pastoral Andina
9 (RLIN) 12766
245 ## - MENCIÓN DE TÍTULO
Título Allpanchis Phuturinqa :
Resto del título Revista Anual /
260 ## - PUBLICACIÓN, DISTRIBUCIÓN, ETC.
Lugar de publicación, distribución, etc. Cusco :
Nombre de la editorial, distribuidor, etc. Instituto de Pastoral Andina,
Fecha de publicación, distribución, etc. 1980.
300 ## - DESCRIPCIÓN FÍSICA
Nº de Páginas Extensión 193 páginas. :
Dimensiones 20 cm.
440 ## - MENCIÓN DE SERIE/PUNTO DE ACCESO ADICIONAL--TÍTULO
Título Revista del Instituto de Pastoral Andina Cusco
Número de la parte/sección de una obra Año [ ], [ ] semestre de 1980, N°15. Vol. XIV
9 (RLIN) 46216
505 ## - NOTA DE CONTENIDO CON FORMATO
Nota de contenido formateada Contenido: Las culturas superiores andinas y el medio geográfico. Carl Troll. -- Notas sobre la agricultura de riego en la costa peruana. Jürgen Golte. -- Hidráulica agrícola prehispánica. Roger Revines.--La actividad agropecuaria durante el periodo formativo en los andes centrales. Jorge Silva. -- La agricultura prehispánica en las punas de Junín. Ramiro Matos. -- La producción de maíz en Ollantaytambo durante el siglo XVIII. Luis Miguel Glave. -- Medidas con precio y como instrumentos para la explotación. Un expediente cusqueño del siglo XVIII. Magnus Morner. -- Problemas agrarios e historia política en el Archivo del Congreso. José Mejía. -- Derroteros de la etnohistoria en el Perú. José Deústua. -- Documentos del Cusco historia y poder. Efraín Trelles
650 ## - PUNTO DE ACCESO ADICIONAL DE MATERIA--TÉRMINO DE MATERIA
Descriptor Desarrollo rural
9 (RLIN) 4384
650 ## - PUNTO DE ACCESO ADICIONAL DE MATERIA--TÉRMINO DE MATERIA
Descriptor Agricultura
9 (RLIN) 320
650 ## - PUNTO DE ACCESO ADICIONAL DE MATERIA--TÉRMINO DE MATERIA
Descriptor Economía campesina
9 (RLIN) 2215
650 ## - PUNTO DE ACCESO ADICIONAL DE MATERIA--TÉRMINO DE MATERIA
Descriptor Frontera agrícola
9 (RLIN) 46028
700 ## - PUNTO DE ACCESO ADICIONAL--NOMBRE DE PERSONA
Nombre Personal Troll, Carl
9 (RLIN) 46217
700 ## - PUNTO DE ACCESO ADICIONAL--NOMBRE DE PERSONA
Nombre Personal Golte, Jürgen
9 (RLIN) 46
700 ## - PUNTO DE ACCESO ADICIONAL--NOMBRE DE PERSONA
Nombre Personal Revines, Rogger
9 (RLIN) 46218
700 ## - PUNTO DE ACCESO ADICIONAL--NOMBRE DE PERSONA
Nombre Personal Solar la Cruz, Felix
9 (RLIN) 46219
700 ## - PUNTO DE ACCESO ADICIONAL--NOMBRE DE PERSONA
Nombre Personal Silva, Jorge
9 (RLIN) 46220
700 ## - PUNTO DE ACCESO ADICIONAL--NOMBRE DE PERSONA
Nombre Personal Morner, Magnus
9 (RLIN) 4408
700 ## - PUNTO DE ACCESO ADICIONAL--NOMBRE DE PERSONA
Nombre Personal Glave, Luis Miguel
9 (RLIN) 18558
942 ## - ELEMENTOS DE PUNTO DE ACCESO ADICIONAL (KOHA)
Fuente de clasificación
Tipo de item Revistas cusqueñas
945 ## - PROCESAMIENTO DE INFORMACIÓN LOCAL (OCLC)
Catalogador rac
Holdings
Estado de retiro (separado) Fuente de clasificación o esquema de estanterías Estado dañado Ubicación Sala donde se ubica Nombre de la colección Fecha de adquisición o compra Costo, precio normal en soles Signatura topográfica Código de Barras Última vez visto (Koha) Tipo de ítem (Koha)
No     Sala Hemeroteca Sala Hemeroteca Book Cart 2021-08-17 10.00 Rev.Allp/N°15/1980 REVC000284 2021-08-17 Revistas cusqueñas

Powered by Koha